000 00256nam a2200097Ia 4500
001 720582
005 20250826163236.0
008 250824s9999 xx 000 0 und d
245 0 _aÖZGÜRLÜĞÜN ÖTEKİ ADI HANDUT
_cZAHİDE AY
260 _bÇİZGİ YAYINLARI
999 _c720582
_d720582